| 000 | 00690nam a2200217 i 4500 | ||
|---|---|---|---|
| 001 | 14091 | ||
| 003 | ES-MaACL | ||
| 005 | 20231215062945.0 | ||
| 007 | t| | ||
| 008 | 980928s1980 sp a |||| | spa d | ||
| 020 | _a84-355-0544-8 | ||
| 080 | _a087.5:82 | ||
| 100 | 1 |
_aWölfel, Ursula. _9117248 |
|
| 245 | 1 | 0 |
_aVeintiocho historias de risa / _cUrsula Wölfel ; ilustración, Bettina Anrich-Wölfel ; traducción, Carmen Bravo-Villasante. |
| 260 |
_aValladolid : _bMiñón, _c[1980] |
||
| 300 |
_a60 p. : _bil. ; _c20 cm. |
||
| 700 | 1 |
_aAnrich-Wölfel, Bettina. _921822 |
|
| 700 | 1 |
_aBravo-Villasante, Carmen, _d1918-1994 _931507 |
|
| 852 |
_aES-MaACL _jL-21432 |
||
| 999 |
_c14091 _d14091 |
||